Desafo̕s actuales de la innovacin̤ docente en ciencias jurd̕icas y sociales

Detalles Bibliográficos
Autor principal: Lp̤ez Espadafor, Carlos Mara̕
Formato: eBook
Lenguaje:español
Publicado: Madrid: Dykinson, 2022
Materias:
Acceso en línea:Acceso restringido

MARC

LEADER 00000nam a22000007a 4500
005 20220913022957.0
007 cr|||| ||||
008 220913s2022 es |||||s|||| 00||0 spa d
020 |a 978-84-1122-260-0 
035 |a 37080 
040 |a vLex 
090 |c 13894  |d 13894 
100 1 |a Lp̤ez Espadafor, Carlos Mara̕ 
245 1 0 |a Desafo̕s actuales de la innovacin̤ docente en ciencias jurd̕icas y sociales  |h [Recurso electrn̤ico] /  |c Carlos Mara̕ Lp̤ez Espadafor 
256 |a Servicio en ln̕ea 
260 |a Madrid:  |b Dykinson,  |c 2022 
300 |a 1 recurso electrn̤ico 
506 1 |a Disponible solo en los productos indicados  |d vLex Global  |d vLex Global (Academic Edition, excluding Law Schools)  |d vLex Global (U.S. Academic Edition, Law Schools)  |d vLex Global (U.S. Academic Edition, excluding Law Schools)  |d vLex Global (Academic Edition, Law Schools) 
650 0 4 |a Educacin̤  |z Espaą 
740 0 |a vLex Libros (Servicio en ln̕ea) 
856 4 0 |u https://app.vlex.com/#/sources/37080  |z Acceso restringido 
942 |c BOOK 
999 0 |a Education